000 00591nam a22002171 4500
001 sa 67000839
003 DLC
005 20260227112318.0
008 740123s1966 ii ab b 00000 eng
010 _asa 67000839
025 _aPL480:I-E-6445
043 _aa-ii---
050 0 _aTN490.M3
_bR65
082 _a553.462
100 1 0 _aRoy, Supriya.
245 1 0 _aSyngenetic manganese formations of India.
260 0 _aCalcutta,
_bJadavpur University,
_c1966.
300 _av, 219 p.
_billus., maps.
_c25 cm.
504 _aBibliography: p. [184]-219.
650 0 _aManganese ores
_zIndia.
999 _c72241
_d72241